000 00367nam a2200157Ia 4500
008 210210b1896 xxu||||| |||| 00| 0 eng d
041 _aeng
082 _a930/126
100 _aMAHAFFY
245 _aGreek antiquities
260 _aLondon
_bMacmillan & Co. Ltd.
_c1896
650 _aGreek
650 _aantiquities
690 _aAncient History
906 _a025039
999 _c150739
_d150739